Diccionario de informática inglés-español (Record no. 56307)

MARC details
000 -LEADER
campo de control de longitud fija 00571nam a2200169 i 4500
001 - NÚMERO DE CONTROL
campo de control 56307
003 - IDENTIFICADOR DE NÚMERO DE CONTROL
campo de control ES-MaACL
007 - CAMPO FIJO DE DESCRIPCIÓN FÍSICA--INFORMACIÓN GENERAL
campo de control de longitud fija t|
008 - DATOS DE LONGITUD FIJA--INFORMACIÓN GENERAL
campo de control de longitud fija 031007s1982 sp ||||1| spa d
245 00 - MENCIÓN DEL TÍTULO
Título Diccionario de informática inglés-español
Resto del título : glosario de términos informáticos.
250 ## - MENCION DE EDICION
Mención de edición 3ª ed. corr. y aum.
260 ## - PUBLICACIÓN, DISTRIBUCIÓN, ETC.
Lugar de publicación, distribución, etc. Madrid :
Nombre del editor, distribuidor, etc. Paraninfo,
Fecha de publicación, distribución, etc. 1982.
300 ## - DESCRIPCIÓN FÍSICA
Extensión 270 p. ;
Dimensiones 22 cm.
500 ## - NOTA GENERAL
Nota general Precede al tít.: Olivetti. Centro de formación de personal.
710 2# - ENTRADA AGREGADA--NOMBRE DE ENTIDAD CORPORATIVA
Nombre de entidad corporativa o nombre de jurisdicción como elemento de entrada Olivetti.
Unidad subordinada Centro de Formación de Personal.
9 (RLIN) 6029
852 ## - LOCALIZACIÓN
Ubicación ES-MaACL
Número de control de estantería L-4280
Sublocalización o colección R.103992
Holdings
Estatus retirado Estado de pérdida Estado de daño No para préstamo Colección Biblioteca de origen Biblioteca actual Ubicación en estantería Fecha de adquisición Fuente de adquisición Total de préstamos Signatura topográfica completa Código de barras Visto por última vez Precio de reemplazo Tipo de ítem Koha
        Colección de referencia Biblioteca del Ateneo de Madrid Biblioteca del Ateneo de Madrid Depósito 2 17/01/2008     L-4280 1059141 23/02/2023 23/02/2023 Libro impreso